Top 10 krajów z najwyższym średnim wzrostem kobiet - Statystyki

Ogólne statystyki
  • Ten quiz został rozwiązany 65 razy
  • Średni wynik to 6 z 10
Statystyki odpowiedzi
Średni wzrost Kraj % Poprawnych
170,4 cm Holandia
90%
169,5 cm Dania
67%
168,8 cm Litwa
65%
167,6 cm Litwa
65%
168,7 cm Estonia
60%
168,9 cm Islandia
60%
168 cm Czechy
54%
168,3 cm Serbia
52%
167,5 cm Bośnia i Hercegowina
44%
170 cm Czarnogóra
31%
Nie znaleziono quizów pasujących do podanych kryteriów
Rozkład punktacji
Procent ludzi z każdym wynikiem
Percentyl według liczby udzielonych odpowiedzi
Twoja historia wyników
Nie rozwiązałeś tego quizu